| 000 | 01255cam a22003254a 4500 | ||
|---|---|---|---|
| 999 |
_c7489 _d7489 |
||
| 003 | OSt | ||
| 005 | 20200310122858.0 | ||
| 008 | 060104s2006 nyu b 000 0 eng | ||
| 010 | _a 2006000035 | ||
| 020 | _a9781568985367 (pbk. : alk. paper) | ||
| 042 | _apcc | ||
| 043 | _ae-gx--- | ||
| 082 | 0 | 0 |
_a725.4 _222 _bHAD |
| 100 | 1 | _aHadid, Zaha. | |
| 245 | 1 | 0 |
_aZaha Hadid : _bBMW Central Building / _cTodd Gannon, volume editor. |
| 246 | 3 | 0 | _aBMW Central Building |
| 260 |
_aNew York : _bPrinceton Architectural Press, _cc2006. |
||
| 300 |
_a160 p. : _bill., (chiefly col.) ; _c23 cm. |
||
| 440 | 0 |
_aSource books in architecture ; _v7 |
|
| 504 | _aIncludes bibliographical references. | ||
| 600 | 1 | 0 | _aHadid, Zaha. |
| 610 | 2 | 0 | _aBayerische Motoren Werke. |
| 650 | 0 |
_aArchitecture, Industrial _zGermany _zLeipzig. |
|
| 651 | 0 |
_aLeipzig (Germany) _xBuildings, structures, etc. |
|
| 700 | 1 | _aGannon, Todd. | |
| 856 | 4 | 1 |
_3Table of contents only _uhttp://www.loc.gov/catdir/toc/ecip066/2006000035.html |
| 906 |
_a7 _bcbc _corignew _d1 _eecip _f20 _gy-gencatlg |
||
| 942 | _2ddc | ||